000 00419nam a2200181Ia 4500
001 1571
005 20260306143738.0
008 260306t2006||||xx |||||||||||||| ||spa||
041 _aESP
082 _a152
_bC28 2006
100 _aCarlson, Neil R.
_eAUT
245 0 _aFisiologĂ­a de la conducta
260 _c2006
300 _a759 páginas :
_c27 cm
650 _aGEN
654 _aCPS
942 _cLIB
_dJUS
_fJUS
_2ddc
_n
999 _c1571
_d1571